|
|
|
|
| LEADER |
01286cam a2200337Ia 4500 |
| 001 |
9780203987056 |
| 003 |
FlBoTFG |
| 005 |
20091230162920.0 |
| 006 |
a|||||s||||||||||| |
| 007 |
cr|||| |
| 008 |
021209s2003 enkb sb 001 0beng d |
| 020 |
|
|
|a 9780203987056 (e-book : PDF)
|
| 040 |
|
|
|a FlBoTFG
|c FlBoTFG
|d GrThAP
|
| 043 |
|
|
|a e-gr---
|
| 090 |
|
|
|a DF234
|b .A486 2003
|
| 092 |
|
|
|a 938.07092
|b A378
|
| 245 |
0 |
0 |
|a Alexander the Great
|h [electronic resource] :
|b a reader /
|c edited by Ian Worthington.
|
| 260 |
|
|
|a London ;
|a New York, N.Y. :
|b Routledge,
|c c2003
|g (2004 printing)
|
| 300 |
|
|
|a xviii, 332 p. :
|b maps.
|
| 504 |
|
|
|a Includes bibliographical references and indexes.
|
| 530 |
|
|
|a Also available in print edition.
|b CRC Press (http://www.crcpress.com)
|
| 538 |
|
|
|a Mode of access: World Wide Web.
|
| 600 |
0 |
0 |
|a Alexander,
|c the Great,
|d 356-323 B.C.
|
| 650 |
|
0 |
|a Generals
|z Greece
|v Biography.
|
| 651 |
|
0 |
|a Greece
|x History
|y Macedonian Expansion, 359-323 B.C.
|
| 651 |
|
0 |
|a Greece
|x Kings and rulers
|v Biography.
|
| 651 |
|
0 |
|a Greece
|x History
|y Macedonian Expansion, 359-323 B.C.
|v Sources.
|
| 655 |
|
7 |
|a Electronic books.
|2 lcsh
|
| 700 |
1 |
|
|a Worthington, Ian.
|
| 776 |
1 |
|
|z 9780415291866
|
| 856 |
4 |
0 |
|u http://www.tandfebooks.com/isbn/9780203987056
|z Full Text via HEAL-Link
|